[Event "Mecklenburg VP LL2 West 2223"]
[Site "Mecklenburg VP"]
[Date "2022.11.06"]
[Round "2.7"]
[White "Sens, Gerda"]
[Black "Prueter, Reinhard"]
[Result "0-1"]
[WhiteElo "1270"]
[BlackElo "1554"]
[PlyCount "62"]
[EventDate "2022.10.23"]
[EventType "team-tourn"]
[EventRounds "9"]
[EventCountry "GER"]
[SourceTitle "EXT 2024"]
[Source "ChessBase"]
[SourceDate "2023.10.10"]
[SourceVersion "1"]
[SourceVersionDate "2023.10.10"]
[SourceQuality "1"]
[WhiteTeam "Rostock SSC 07 II"]
[BlackTeam "Kuehlungsborn SV Empor"]
[WhiteTeamCountry "GER"]
[BlackTeamCountry "GER"]

1. e4 d6 2. Nf3 g6 3. d4 Bg7 4. Bc4 c5 5. 0-0 cxd4 6. Nxd4 Nc6 7. Be3 Nf6 8. Qd3 0-0 9. Bb3 Ne5 10. Qe2 Nxe4 11. Bf4 Nc5 12. Nc3 Nc6 13. Nxc6 bxc6 14. Bg5 Re8 15. Rfe1 Nxb3 16. axb3 Be6 17. Rad1 Qa5 18. Bd2 Qc7 19. Bf4 Qc8 20. Qe3 Bf5 21. Rd2 d5 22. Be5 Bxe5 23. Qxe5 Qe6 24. Qxe6 Bxe6 25. Rde2 Kf8 26. Na4 Bf5 27. Nc5 Rab8 28. Na6 Rb7 29. Nc5 Rc7 30. Na6 Rcc8 31. c3 Bd3 0-1

[Event "GER-chT Lands U20"]
[Site "Wuerzburg"]
[Date "2019.10.04"]
[Round "4.8"]
[White "Bako, Evelin"]
[Black "Sens, Gerda"]
[Result "1-0"]
[WhiteElo "1209"]
[BlackElo "1291"]
[PlyCount "117"]
[EventDate "2019.10.01"]
[EventType "team-swiss"]
[EventRounds "7"]
[EventCountry "GER"]
[SourceTitle "EXT 2020"]
[Source "ChessBase"]
[SourceDate "2019.10.17"]
[SourceVersion "1"]
[SourceVersionDate "2019.10.17"]
[SourceQuality "1"]
[WhiteTeam "Wuerttemberg"]
[BlackTeam "Mecklenburg Vorpommern"]
[WhiteTeamCountry "GER"]
[BlackTeamCountry "GER"]

1. e4 e5 2. Nf3 Nc6 3. Bb5 a6 4. Ba4 Nf6 5. d3 Bc5 6. c3 d6 7. 0-0 b5 8. Bb3 0-0 9. d4 Ba7 10. Re1 h6 11. d5 Ne7 12. Nbd2 Bb7 13. h3 Qd7 14. Nf1 c6 15. dxc6 Bxc6 16. Ng3 Rfe8 17. Qe2 Rab8 18. Rd1 Qb7 19. Rxd6 Nxe4 20. Nxe4 Bxe4 21. Nxe5 Nf5 22. Bxf7+ Kf8 23. Bxe8 Nxd6 24. Nd7+ Kxe8 25. Nxb8 Bxb8 26. f3 Ba7+ 27. Kh1 Kf8 28. fxe4 Nxe4 29. Bf4 Nf2+ 30. Kh2 Qf7 31. Bd6+ Kg8 32. Qe7 Qxe7 33. Bxe7 Bb8+ 34. g3 Ne4 35. Bh4 g5 36. Rd1 Bc7 37. Rd7 Bd6 38. Rd8+ Kf7 39. Bxg5 hxg5 40. Rd7+ Kf6 41. Kg2 Bxg3 42. Kf3 Nc5 43. Rd5 Bf2 44. Kxf2 Ne4+ 45. Kf3 g4+ 46. Kxe4 gxh3 47. Rh5 Ke6 48. Rxh3 Kd6 49. Rh6+ Kc5 50. Rxa6 b4 51. Ra5+ Kc4 52. Ra4 Kb5 53. Rxb4+ Kc5 54. Rd4 Kb5 55. Kd5 Ka5 56. Rb4 Ka6 57. b3 Ka5 58. Kc6 Ka6 59. Ra4# 1-0

[Event "GER-chT Lands U20"]
[Site "Wuerzburg"]
[Date "2019.10.03"]
[Round "3.7"]
[White "Sens, Gerda"]
[Black "Richter, Johanna"]
[Result "1-0"]
[WhiteElo "1291"]
[BlackElo "942"]
[PlyCount "101"]
[EventDate "2019.10.01"]
[EventType "team-swiss"]
[EventRounds "7"]
[EventCountry "GER"]
[SourceTitle "EXT 2020"]
[Source "ChessBase"]
[SourceDate "2019.10.17"]
[SourceVersion "1"]
[SourceVersionDate "2019.10.17"]
[SourceQuality "1"]
[WhiteTeam "Mecklenburg Vorpommern"]
[BlackTeam "Rheinland Pfalz"]
[WhiteTeamCountry "GER"]
[BlackTeamCountry "GER"]

1. e4 d6 2. d4 Nf6 3. Nc3 g6 4. f3 a6 5. Be3 b5 6. Qd2 Bb7 7. 0-0-0 Nbd7 8. Nge2 b4 9. Na4 a5 10. b3 Bc6 11. Nb2 Qb8 12. a4 bxa3 13. Nc4 Qb4 14. Qxb4 axb4 15. Bd2 a2 16. Kb2 e5 17. Bxb4 exd4 18. Nxd4 Bb7 19. Na5 c5 20. Nxb7 cxb4 21. Bb5 Ra7 22. Bc6 Be7 23. Nb5 Ra6 24. Nc7+ Kf8 25. Nxa6 Kg7 26. Nxb4 Rc8 27. Nxd6 Rb8 28. Nxa2 Rb6 29. Bxd7 Bxd6 30. Bh3 Be5+ 31. Nc3 Rc6 32. Rd3 Nh5 33. g3 Nf6 34. Ra1 Ne8 35. Bd7 Bxc3+ 36. Rxc3 Rxc3 37. Kxc3 Nc7 38. Ra7 Nb5+ 39. Bxb5 Kf8 40. Bc6 Kg7 41. b4 Kh6 42. b5 Kg7 43. b6 Kh6 44. b7 Kg7 45. b8Q Kf6 46. Qf4+ Kg7 47. Qxf7+ Kh6 48. Qxh7+ Kg5 49. h4+ Kf6 50. Qf7+ Ke5 51. Qe7# 1-0

[Event "GER-ch U12 Girls"]
[Site "Willingen"]
[Date "2019.06.09"]
[Round "2"]
[White "Sens, Gerda"]
[Black "Stepanjan, Marianne"]
[Result "0-1"]
[WhiteElo "1018"]
[BlackElo "1312"]
[PlyCount "116"]
[EventDate "2019.06.08"]
[EventType "swiss"]
[EventRounds "9"]
[EventCountry "GER"]
[SourceTitle "CBM 191 Extra"]
[Source "ChessBase"]
[SourceDate "2019.09.30"]
[SourceVersion "1"]
[SourceVersionDate "2019.09.30"]
[SourceQuality "1"]

1. e4 c5 2. d4 cxd4 3. Qxd4 Nc6 4. Qd2 Nf6 5. Nc3 e6 6. Bc4 d6 7. b3 Be7 8. Nf3 a6 9. a4 Bd7 10. 0-0 0-0 11. h3 Na5 12. Bb2 Nxc4 13. bxc4 Qc7 14. Qd3 Rac8 15. Nd2 Qb6 16. Rab1 Qa5 17. Ba1 Rc7 18. Nb3 Qb6 19. Nd4 Qa7 20. Nf3 Rfc8 21. Nd2 Rc5 22. Qe3 Qb8 23. e5 Rxe5 24. Nce4 Ra5 25. Nxf6+ Bxf6 26. Bxf6 gxf6 27. Qg3+ Kf8 28. Ra1 Rxa4 29. Rxa4 Bxa4 30. Qc3 Ke7 31. Ne4 e5 32. Ra1 Bc6 33. c5 Bxe4 34. cxd6+ Ke6 35. Qb3+ Bd5 36. Qb6 Rc6 37. Qb4 Rxd6 38. Qg4+ Ke7 39. Qg7 h5 40. Qh7 Qc8 41. Rc1 Bb3 42. Kh1 Rc6 43. Qe4 Rxc2 44. Qb4+ Ke8 45. Rxc2 Qxc2 46. Qxb7 Qc1+ 47. Kh2 Qf4+ 48. g3 Qxf2+ 49. Kh1 Qe1+ 50. Kh2 Qd2+ 51. Kh1 Bd5+ 52. Qxd5 Qxd5+ 53. Kh2 Qd2+ 54. Kh1 a5 55. Kg1 a4 56. Kh1 a3 57. Kg1 a2 58. Kh1 a1R# 0-1

[Event "Mecklenburg VP-ch U12 Girls"]
[Site "Malchow"]
[Date "2019.02.05"]
[Round "5.1"]
[White "Sens, Gerda"]
[Black "Duong, Yen Nhi"]
[Result "1-0"]
[WhiteElo "957"]
[BlackElo "774"]
[PlyCount "67"]
[EventDate "2019.02.06"]
[EventType "tourn"]
[EventRounds "7"]
[EventCountry "GER"]
[SourceTitle "EXT 2022"]
[Source "ChessBase"]
[SourceDate "2021.10.06"]
[SourceVersion "1"]
[SourceVersionDate "2021.10.06"]
[SourceQuality "1"]

1. e4 e5 2. Nf3 f6 3. Bc4 Ne7 4. 0-0 c6 5. Nc3 a6 6. d4 b5 7. Bb3 d6 8. Be3 Ng6 9. a3 Be7 10. d5 Bd7 11. h3 0-0 12. dxc6+ Be6 13. Bxe6+ Rf7 14. Bxf7+ Kxf7 15. Qd5+ Kf8 16. c7 Qxc7 17. Qxa8 a5 18. Nd5 Qc4 19. Qxb8+ Kf7 20. Nxe7 Nxe7 21. c3 Qxe4 22. Qxb5 Nc6 23. Qb7+ Kf8 24. Nd2 Qd5 25. c4 Qe6 26. Qxc6 f5 27. Bc5 Ke7 28. Qc7+ Qd7 29. Bxd6+ Ke6 30. Rfd1 Qxd6 31. Qxd6+ Kxd6 32. Nb3+ Ke6 33. Nxa5 e4 34. c5 1-0

[Event "Mecklenburg VP-ch U12 Girls"]
[Site "Malchow"]
[Date "2019.02.03"]
[Round "2.3"]
[White "Schmidt, Leonie"]
[Black "Sens, Gerda"]
[Result "1-0"]
[WhiteElo "772"]
[BlackElo "957"]
[PlyCount "107"]
[EventDate "2019.02.06"]
[EventType "tourn"]
[EventRounds "7"]
[EventCountry "GER"]
[SourceTitle "EXT 2022"]
[Source "ChessBase"]
[SourceDate "2021.10.06"]
[SourceVersion "1"]
[SourceVersionDate "2021.10.06"]
[SourceQuality "1"]

1. e4 e5 2. Nf3 Nc6 3. Nc3 Bc5 4. Qe2 Nf6 5. d3 0-0 6. Bg5 d6 7. Qd2 Be6 8. Nd5 Nd4 9. Rg1 h6 10. Bh4 c6 11. Nxf6+ gxf6 12. 0-0-0 Kh8 13. Qxh6+ Kg8 14. Rd2 d5 15. Bxf6 Qxf6 16. Qxf6 Rfd8 17. c3 Nb5 18. g3 dxe4 19. Ng5 Bxa2 20. Nxf7 Bxf7 21. Qxe5 Re8 22. Qxc5 exd3 23. Rxd3 Re1+ 24. Rd1 Rd8 25. Qg5+ Kh7 26. Qxd8 Re8 27. Bd3+ Kg8 28. Qd7 a5 29. Rge1 Rxe1 30. Rxe1 a4 31. Qxb7 a3 32. bxa3 Nxc3 33. Qc8+ Kg7 34. Qxc6 Na2+ 35. Kb2 Kf8 36. Bg6 Kg7 37. Bxf7 Kxf7 38. Qe6+ Kg7 39. Qxa2 Kf6 40. Qe6+ Kg5 41. Qe5+ Kg4 42. h4 Kh3 43. f3 Kh2 44. Qe2+ Kh3 45. Rd1 Kxg3 46. h5 Kh4 47. Qe5 Kh3 48. Rh1+ Kg2 49. Qh2+ Kxf3 50. Qh4 Kg2 51. Qh3+ Kf2 52. Rh2+ Ke1 53. Qc3+ Kf1 54. Qc1# 1-0

[Event "Mecklenburg VP-ch U12 Girls"]
[Site "Malchow"]
[Date "2019.02.02"]
[Round "1.3"]
[White "Stepanjan, Marianne"]
[Black "Sens, Gerda"]
[Result "1-0"]
[WhiteElo "1200"]
[BlackElo "957"]
[PlyCount "109"]
[EventDate "2019.02.06"]
[EventType "tourn"]
[EventRounds "7"]
[EventCountry "GER"]
[SourceTitle "EXT 2022"]
[Source "ChessBase"]
[SourceDate "2021.10.06"]
[SourceVersion "1"]
[SourceVersionDate "2021.10.06"]
[SourceQuality "1"]

1. e4 e5 2. Nf3 Nc6 3. Bb5 Nf6 4. 0-0 Nxe4 5. d4 Nd6 6. Bxc6 bxc6 7. dxe5 Ba6 8. exd6 Bxf1 9. dxc7 Qxc7 10. Qxf1 Be7 11. Qe2 Qd6 12. Bg5 f6 13. Bh4 0-0 14. Bg3 Qc5 15. Nbd2 Bd6 16. Nb3 Qd5 17. Rd1 Rfe8 18. Qf1 Qe6 19. Rxd6 Qe2 20. Qxe2 Rxe2 21. Nbd4 Re4 22. Rxd7 Rae8 23. h3 h6 24. Nf5 Kh8 25. Rxg7 Rg8 26. Rxa7 Rc4 27. Nxh6 Rd8 28. Nf7+ Kg8 29. Nxd8 Rxc2 30. Rb7 Rc1+ 31. Kh2 c5 32. a4 Ra1 33. Rb5 Rxa4 34. Rxc5 Kg7 35. b3 Rb4 36. Rc7+ Kg6 37. Rb7 Rxb7 38. Nxb7 f5 39. b4 Kh5 40. b5 f4 41. Bxf4 Kg6 42. b6 Kf5 43. Bg3 Ke6 44. Nc5+ Kd5 45. b7 Kxc5 46. b8Q Kd5 47. Qc7 Ke6 48. Qd6+ Kf5 49. Nd4+ Ke4 50. Ne6 Kf5 51. Qe5+ Kg6 52. Nf4+ Kh6 53. Qf6+ Kh7 54. Nh5 Kg8 55. Qg7# 1-0